Adivinhe as equipes pela logo (F1) - Statistics

Estatísticas Gerais
  • Esse quiz foi jogado 52 vezes
  • A pontuação média é 15 de 31
Estatísticas das Respostas
Imagem Resposta % Correto
Ferrari
100%
Mercedes
100%
Red Bull
100%
BMW
94%
Honda
94%
Aston Martin
88%
Audi
88%
McLaren
82%
Renault
79%
Haas
68%
Williams
68%
Lotus
62%
Alpine
59%
Sauber
59%
Cadillac
53%
Alfa Romeo
47%
Racing Bulls
47%
Toro Rosso
44%
AlphaTauri
41%
Maserati
41%
Benetton
29%
Jordan
18%
Minardi
18%
Brabham
12%
BRM
6%
Toleman
6%
Arrows
3%
Brawn GP
3%
Ensign
3%
Fittipaldi
3%
March
3%
Nenhum quiz correspondente encontrado
Distribuição das Pontuações
Porcentagem de Pessoas com Cada Pontuação
Percentil de Números Respondidos
Sua Pontuação Histórica
Você não jogou esse quiz